Name Novel by Obscure Lines in the Story - Statistics

General Stats
  • This quiz has been taken 16 times
  • The average score is 5 of 15
Answer Stats
Hint Answer % Correct
It was the best of times... A Tale of Two Cities
93%
The first time Yossarian saw the chaplain he fell... Catch 22
87%
I don't feel any guilt for the gaps in your education Catch 22
87%
... was dead. That was the one big flaw in his philosophy. Catch 22
87%
I felt like I could catch her... Catcher in the Rye
40%
"Hello, my little doogies." A Clockwork Orange
33%
There they were... firing into a continent... Heart of Darkness
13%
There he was... dispensing justice like Jupiter... Heart of Darkness
13%
As he lay there, he was smiling, his face showed happiness,. He would be with her again. Wuthering Heights
7%
The man waved his hand and swore vehemently. The generals stood frozen. The man's voice softened a little. "Excuse me, gentlemen... but I don't take Czechs." Adolf Hitler Goes To War
0%
Now that you have told me, ....... I am going to promptly forget it A Study In Scarlet
0%
Schell was candy Marathon Man
0%
Millicent waltzed in. She looked radiant. She swirled. .... Looked at her briefly and his hand waved a gesture of contemptuous dismissal. Pride and Prejudice
0%
I wondered why I allowed myself to get involved in such a venture. Then I realized. Sound and the Fury
0%
Just a little bit of cheese... Treasure Island
0%
No matching quizzes found
Score Distribution
Percent of People with Each Score
Percentile by Number Answered
Your Score History
You have not taken this quiz